Aplikovaná poistná štatistika
Saved in:
| Main Author: | |
|---|---|
| Format: | Book |
| Language: | Slovak |
| Published: |
Bratislava
ELITA
2000
|
| Subjects: | |
| Tags: |
No Tags, Be the first to tag this record!
|
MARC
| LEADER | 00000nam a2200000 4500 | ||
|---|---|---|---|
| 001 | c120508 | ||
| 005 | 20221123132533.2 | ||
| 020 | |a 80-8044-073-5 | ||
| 041 | 0 | |a slo | |
| 044 | |a SK | ||
| 245 | 1 | 0 | |a Aplikovaná poistná štatistika |c Viera Pacáková |
| 264 | 1 | |a Bratislava |b ELITA |c 2000 | |
| 300 | |a 248 s. | ||
| 610 | 2 | 0 | |a štatistika aplikovaná |
| 610 | 2 | 0 | |a štatistika poistná |
| 610 | 2 | 0 | |a teória pravdepodobnosti |
| 610 | 2 | 0 | |a poisťovníctvo |
| 610 | 2 | 0 | |a poistné |
| 610 | 2 | 0 | |a plnenie poistné |
| 610 | 2 | 0 | |a rozdelenie pravdepodobnosti |
| 100 | 1 | |a Pacáková, Viera | |